| 000 | 00432nam a2200169Ia 4500 | ||
|---|---|---|---|
| 005 | 20250617035945.0 | ||
| 008 | 240331s9999 xx 000 0 und d | ||
| 020 | _a9555732906 | ||
| 082 |
_bPER _a306 |
||
| 100 | _aPerera,S | ||
| 245 | 0 |
_aGanika wrthiya : _bbhawaya prabhavaya ha agamika mehewara |
|
| 260 |
_aNugegoda _bUniversity Press _c2005 |
||
| 300 | _a85 p ., | ||
| 650 | _aProstitution | ||
| 650 | _aReligious | ||
| 942 | _cL | ||
| 999 |
_c5255 _d5255 |
||